| 000 | 00459cam a22001934a 4500 | ||
|---|---|---|---|
| 005 | 20250605164326.0 | ||
| 008 | 250528s ||||||||||||||||||||||||d | ||
| 035 | _a23044 | ||
| 020 | _a9780471951209 | ||
| 040 |
_aGR-AtMCL _bgre _dGR-AtMCL _eAACR2 |
||
| 245 | 1 | _aTOURISM & THE LESS DEVELOPED COUNTRIES | |
| 250 | _a1 | ||
| 260 |
_bWiley, _c1992 |
||
| 300 | _a186 | ||
| 700 | 1 |
_aHarris David _93140 |
|
| 942 | _cBK | ||
| 999 |
_c8084 _d8084 |
||